|
|
|
|
| LEADER |
00000cam a2200000 7i4500 |
| 001 |
0000325381 |
| 005 |
20251031160850.0 |
| 006 |
a ###d ### 000 1 |
| 007 |
t |
| 008 |
250416s2025 my d 000 1may d |
| 020 |
|
|
|a 9786297698014
|
| 040 |
|
|
|a MBPJ
|b eng
|c MBPJ
|e rda
|
| 090 |
0 |
0 |
|a F
|b AZA
|
| 100 |
0 |
|
|a Azalea Sidek ,
|e author
|
| 245 |
1 |
0 |
|a Penderhaka
|c Azalea Sidek
|
| 264 |
|
1 |
|a Subang, Jaya, Selangor :
|b PENERBITAN NADI ILHAM
|c 2025
|
| 300 |
|
|
|a 157 pages ;
|c 19 cm.
|
| 336 |
|
|
|a text
|2 rdacontent
|
| 337 |
|
|
|a unmediated
|2 rdamedia
|
| 338 |
|
|
|a volume
|2 rdacarrier
|
| 490 |
1 |
|
|a BACAAN TELADAN REMAJA
|
| 650 |
|
0 |
|a Malay fiction
|
| 650 |
|
0 |
|a Young adult fiction, Malay
|
| 999 |
|
|
|a 00421602
|b BUKU
|c FICTION
|e PERPUSTAKAAN KOMUNITI PETALING JAYA
|